Nennen Sie alle Grand Theft Auto (GTA) Teile - Statistiken

Allgemein
  • Dieses Quiz wurde 791 mal gespielt
    70 seit der letzten Aktualisierung
  • Das Durchschnittsergebnis liegt bei 10 aus 17
Antwortstatistiken
Jahr Plattform Titel % Korrekt
1997 PS1 / Windows / MS-DOS GBC Grand Theft Auto
98%
1999 PS1 / Dreamcast / Windows / GBC Grand Theft Auto 2
98%
2013 PS3 / Xbox 360 / PS4 / Xbox One / Windows Grand Theft Auto V
98%
2001 PS2 / Xbox / Windows / OS X / iOS / Android / Fire OS Grand Theft Auto III
97%
2004 PS2 / Xbox / PS3 / PS4 /Xbox 360 / Windows / OS X / iOS / Android / WP / Fire OS Grand Theft Auto: San Andreas
97%
2008 PS3 / Xbox 360 / Windows Grand Theft Auto IV
95%
2002 PS2 / Xbox Windows / OS X / iOS / Android / Fire OS Grand Theft Auto: Vice City
95%
2026 PS5 / Xbox Series X/S Grand Theft Auto VI
87%
2006 PS2 / PSP Grand Theft Auto: Vice City Stories
43%
2005 PS2 / PSP / iOS / Android / Fire OS Grand Theft Auto: Liberty City Stories
35%
2009 PSP / NDS / iOS / Android / Fire OS Grand Theft Auto: Chinatown Wars
32%
2009 PS3 / Xbox 360 / Windows Grand Theft Auto: The Ballad of Gay Tony
27%
2009 PS3 / Xbox 360 / Windows Grand Theft Auto IV: The Lost and Damned
21%
2004 GBA Grand Theft Auto Advance
11%
1999 PS1 / Windows / MS-DOS Grand Theft Auto: London, 1969
10%
2009 PS3 / Xbox 360 / Xbox One / Windows Grand Theft Auto: Episodes from Liberty City
8%
1999 Windows Grand Theft Auto: London, 1961
3%
Keine übereinstimmenden Quizze gefunden
Verteilung der Resultate
Anzahl Personen mit jedem Resultat
Perzentil nach korrekt beantworteten Fragen
Ihre Resultats-Entwicklung
Sie haben dieses Quiz seit der letzten Aktualisierung nicht gespielt